1959 1564 1568 1731 1011 1912 1252 1475 1559 1651 1352 1436 1939 1426 1367 1185 1127 1829 1489 1629 1522 1864 1718 1258 1901 1396 1846 1448 1400 1139 1437 1092 1074 1259 1480 1064 1429 1776 1268 1423 1943 1421 1651 1572 1744 1818 1036 1746 1831 1675 1894 1311 1669 1469 1120 1104 1711 1852 1395 1413 1134 1319 1140 1282 1069 1280 1697 1286 1679 1301 1647 1863 1932 1719 1137 1465 1362 1442 1849 1473 1681 1882 1345 1743 1922 1823 1450 1926 1399 1708 1778 1807 1958 1643 1974 1724 1870 1031 1773 BCNSPRNW ULIB Ver.6.0+V

เปลี่ยนเป็นภาษาไทย

Change to English
 แสดงรายละเอียดบรรณานุกรม
  กลับหน้าหลัก

Brief Record : Get Marc (ISO 2709) : E-mail record : QR code < ปิดหน้าต่าง
LEADER : 00000nam 2200000uu 4500
001    13399126765
003     ULIB
008    190301s2560||||th 000 0 tha d
020    ^a9786169262459
060  0 ^aWO925^bอ476ร
100 0  ^aอัครพล มุ่งนิรันดร์
245 00 ^aโรคทางศัลยกรรมเด็กที่พบบ่อยในเวชปฏิบัติผู้ป่วยนอก/^cอัครพล มุ่งนิรันดร์
250    ^aพิมพ์ครั้งที่ 1
260    ^aกรุงเทพฯ :^bคณะแพทยศาสตร์ศิริราชพยาบาล มหาวิทยาลัยมหิดล,^c2560
300    ^a248 หน้า
650  0 ^aศัลยกรรมเด็ก
856    ^a^zโรคทางศัลยกรรมเด็กที่พบบ่อยในเวชปฏิบัติผู้ป่วยนอก (สารบัญหนังสือ)^uhttp://110.164.66.211/ULIB6//_fulltext/bookcontent/13399114455/51915.pdf
945    ^p499^l0^i27634
945    ^p499^l0^i27633
945    ^p499^l0^i27632
945    ^p499^l0^i27162
945    ^p499^l0^i27160
945    ^p499^l0^i27161
945    ^p499^l0^i27630
945    ^p499^l0^i27163
945    ^p499^l0^i27631
999    ^aกัณชพร จุลอักษร
รายการนี้ยังไม่มีแท็ก
คุณยังไม่ได้ล็อกอิน คุณสามารถมีกิจกรรมร่วมกับเว็บไซต์ได้ แต่ต้องล็อกอินก่อน ::
  ล็อกอิน

รายการสื่อสารสนเทศ

ลำดับที่ ประเภท เลขเรียก/บาร์โค้ด สถานที่ สถานะ
1. หนังสือสำรอง
หนังสือสำรอง
WO925 อ476ร ฉ.1 
  Barcode: 27160
ห้องสมุดวิทยาเขตนครสวรรค์
►หนังสือทั่วไป:l:General Books
บนชั้น
2. วิทยาศาสตร์การแพทย์ และสุขภาพ
วิทยาศาสตร์การแพทย์ และสุขภาพ
WO925 อ476ร ฉ.2 
  Barcode: 27161
ห้องสมุดวิทยาเขตนครสวรรค์
►หนังสือทั่วไป:l:General Books
บนชั้น
3. วิทยาศาสตร์การแพทย์ และสุขภาพ
วิทยาศาสตร์การแพทย์ และสุขภาพ
WO925 อ476ร ฉ.3 
  Barcode: 27162
ห้องสมุดวิทยาเขตนครสวรรค์
►หนังสือทั่วไป:l:General Books
บนชั้น
4. วิทยาศาสตร์การแพทย์ และสุขภาพ
วิทยาศาสตร์การแพทย์ และสุขภาพ
WO925 อ476ร ฉ.4 
  Barcode: 27163
ห้องสมุดวิทยาเขตนครสวรรค์
►หนังสือทั่วไป:l:General Books
บนชั้น
5. วิทยาศาสตร์การแพทย์ และสุขภาพ
วิทยาศาสตร์การแพทย์ และสุขภาพ
WO925 อ476ร ฉ.5 
  Barcode: 27630
ห้องสมุดวิทยาเขตนครสวรรค์
►หนังสือทั่วไป:l:General Books
บนชั้น
6. วิทยาศาสตร์การแพทย์ และสุขภาพ
วิทยาศาสตร์การแพทย์ และสุขภาพ
WO925 อ476ร ฉ.6 
  Barcode: 27631
ห้องสมุดวิทยาเขตนครสวรรค์
►หนังสือทั่วไป:l:General Books
บนชั้น
7. วิทยาศาสตร์การแพทย์ และสุขภาพ
วิทยาศาสตร์การแพทย์ และสุขภาพ
WO925 อ476ร ฉ.7 
  Barcode: 27632
ห้องสมุดวิทยาเขตนครสวรรค์
►หนังสือทั่วไป:l:General Books
บนชั้น
8. วิทยาศาสตร์การแพทย์ และสุขภาพ
วิทยาศาสตร์การแพทย์ และสุขภาพ
WO925 อ476ร ฉ.8 
  Barcode: 27633
ห้องสมุดวิทยาเขตนครสวรรค์
►หนังสือทั่วไป:l:General Books
บนชั้น
9. วิทยาศาสตร์การแพทย์ และสุขภาพ
วิทยาศาสตร์การแพทย์ และสุขภาพ
WO925 อ476ร ฉ.9 
  Barcode: 27634
ห้องสมุดวิทยาเขตนครสวรรค์
►หนังสือทั่วไป:l:General Books
บนชั้น

รายการใกล้เคียง
    ผู้แต่ง [อัครพล มุ่งนิรันดร์]

    หัวเรื่อง [ศัลยกรรมเด็ก]

BibComment


ยังไม่เคยถูกคอมเมนท์

คอมเมนท์ทรัพยากรรายการนี้
  คอมเมนท์: โรคทางศัลยกรรมเด..


 Copyright 2026. Bcnsprnw @Library